[Event "World Youth Boys U16 2014"]
[Site "Durban RSA"]
[Date "2014.09.23"]
[Round "5.8"]
[White "Litvinov, Maxim"]
[Black "Petrosyan, Manuel"]
[Result "0-1"]
[BlackTitle "FM"]
[WhiteElo "2211"]
[BlackElo "2397"]
[WhiteFideId "24157449"]
[BlackFideId "13300857"]
[EventDate "2014.09.20"]

1. e4 c6 2. Nf3 d5 3. Nc3 Bg4 4. h3 Bh5 5. exd5 cxd5 6. g4 Bg6 7. Bb5+ Nc6 8.
Ne5 Rc8 9. d4 e6 10. h4 f6 11. Nxg6 hxg6 12. Qe2 Kf7 13. Be3 Bb4 14. f4 Nh6 15.
h5 gxh5 16. Rxh5 g6 17. Rh1 f5 18. g5 Ng4 19. Rxh8 Qxh8 20. O-O-O Qh3 21. Bxc6
Bxc3 22. bxc3 Rxc6 23. Bd2 a6 24. Kb2 Qh8 25. Ka1 b5 26. Qg2 Rc4 27. Rh1 Qg7 28.
Rh3 b4 29. Qe2 a5 30. Qe1 a4 31. Kb1 bxc3 32. Bxc3 e5 33. fxe5 Ke6 34. Kc1 Qc7
35. Kd2 f4 36. Qh4 Kf5 37. Rf3 Qb6 38. Qh3 Kxg5 39. Qg2 Rc8 40. Rh3 Qe6 41. Bb4
Kf5 42. Qf1 Kg5 43. Qg1 Rc7 44. Bf8 Qc8 45. Bh6+ Kf5 46. c3 Rb7 47. Qc1 Nf2 48.
Rf3 Ne4+ 49. Kc2 g5 50. Qf1 Kg6 51. Qa6+ Kh7 0-1

[Event "World Youth Boys U16 2014"]
[Site "Durban RSA"]
[Date "2014.09.23"]
[Round "5.9"]
[White "Lien, Kjell Hakon"]
[Black "Saiyn, Zhanat"]
[Result "0-1"]
[BlackTitle "FM"]
[WhiteElo "2004"]
[BlackElo "2397"]
[WhiteFideId "1510444"]
[BlackFideId "13703820"]
[EventDate "2014.09.20"]

1. d4 Nf6 2. c4 e6 3. g3 d5 4. Bg2 Bb4+ 5. Nc3 O-O 6. Nf3 dxc4 7. O-O Nc6 8. Qa4
Nd5 9. Nxd5 exd5 10. Ne5 Nxe5 11. dxe5 a5 12. a3 Be7 13. e4 c6 14. exd5 cxd5 15.
Qb5 Be6 16. Rd1 d4 17. Qxb7 Rb8 18. Qe4 d3 19. f4 Bc5+ 20. Kh1 Bg4 21. Bf3 Qd4 0-1

[Event "World Youth Boys U16 2014"]
[Site "Durban RSA"]
[Date "2014.09.23"]
[Round "5.10"]
[White "Rodriguez, Adrien"]
[Black "Li, Di"]
[Result "1-0"]
[BlackTitle "FM"]
[WhiteElo "2284"]
[BlackElo "2192"]
[WhiteFideId "20691866"]
[BlackFideId "8607508"]
[EventDate "2014.09.20"]

1. d4 Nf6 2. Nf3 g6 3. c4 Bg7 4. Nc3 d5 5. cxd5 Nxd5 6. Bd2 O-O 7. Rc1 Nxc3 8.
Bxc3 c5 9. dxc5 Bxc3+ 10. Rxc3 Qxd1+ 11. Kxd1 Be6 12. e4 Rc8 13. Bb5 a6 14. Ba4
Bxa2 15. Ke2 Be6 16. Ng5 Bd7 17. Bb3 Be8 18. Rd1 Nc6 19. Ke3 Rc7 20. f4 Nb4 21.
e5 a5 22. Ne4 Kg7 23. g4 Bc6 24. Ng5 Be8 25. f5 Rac8 26. Ne4 a4 27. Bc4 b5 28.
cxb6 Rxc4 29. f6+ exf6 30. exf6+ Kh6 31. g5+ Kh5 32. b7 Rxe4+ 33. Kxe4 Rb8 34.
Kf4 Kh4 35. Rc8 Rxb7 36. Rxe8 Nc6 37. Rd2 Rb5 38. Re4 Rxg5 39. Ke3+ Kh3 40. Rxa4
Ne5 41. Rf4 Ng4+ 42. Kd4 Nxh2 43. Rd3+ Kg2 44. b4 h5 45. Rb3 Rb5 46. Kc4 Rb8 47.
b5 g5 48. Rf5 g4 49. Rxh5 g3 50. Rb2+ Kh1 51. Rg5 Nf1 52. Kc5 Rc8+ 53. Kd6 Rh8
54. Kd7 Rh2 55. Rxh2+ gxh2 56. b6 Ng3 57. b7 Ne4 58. b8=Q Nxg5 59. Qf4 Nh3 60.
Qf3+ 1-0

[Event "World Youth Boys U16 2014"]
[Site "Durban RSA"]
[Date "2014.09.23"]
[Round "5.11"]
[White "Kaczur, Florian"]
[Black "Yang, ching Wei, Austin"]
[Result "1-0"]
[WhiteElo "2278"]
[BlackElo "1941"]
[WhiteFideId "705098"]
[BlackFideId "16300440"]
[EventDate "2014.09.20"]

1. e4 e5 2. Nf3 Nc6 3. Bb5 a6 4. Ba4 Nf6 5. O-O Be7 6. d3 b5 7. Bb3 d6 8. Nc3
Be6 9. Nd5 Bxd5 10. Bxd5 Nxd5 11. exd5 Nb8 12. d4 e4 13. Nd2 f5 14. a4 b4 15.
Nc4 Nd7 16. f3 O-O 17. fxe4 fxe4 18. Bd2 a5 19. Qg4 Rxf1+ 20. Rxf1 Nf6 21. Qe6+
Kh8 22. c3 b3 23. Ne3 Qe8 24. c4 Bf8 25. Qxe8 Rxe8 26. Ra1 Ra8 27. Ra3 Nd7 28.
Rxb3 Nb6 29. Rb5 Be7 30. b3 Rf8 31. Rxa5 Bh4 32. Nd1 h5 33. Ra7 Rf7 34. a5 Bf6
35. axb6 Bxd4+ 36. Be3 1-0

[Event "World Youth Boys U16 2014"]
[Site "Durban RSA"]
[Date "2014.09.23"]
[Round "5.12"]
[White "Dragnev, Valentin"]
[Black "Sosa, Tomas ARG"]
[Result "0-1"]
[WhiteElo "2151"]
[BlackElo "2275"]
[WhiteFideId "1634852"]
[BlackFideId "121576"]
[EventDate "2014.09.20"]

1. e4 c5 2. d4 cxd4 3. c3 d5 4. exd5 Qxd5 5. cxd4 Nf6 6. Nc3 Qd8 7. Nf3 g6 8.
Bc4 Bg7 9. O-O O-O 10. h3 Nc6 11. d5 Na5 12. Be2 Bf5 13. g4 Be4 14. d6 Qxd6 15.
Qxd6 exd6 16. g5 Bxf3 17. gxf6 Bxe2 18. fxg7 Rfe8 19. Re1 Bf3 20. Bh6 a6 21. Kh2
f6 22. Kg3 Bc6 23. b3 b5 24. Rad1 Rxe1 25. Rxe1 Kf7 26. h4 Nb7 27. Ne2 Nc5 28.
Nd4 Bd7 29. Re3 Re8 30. Rxe8 Bxe8 31. b4 Ne4+ 32. Kf3 f5 33. Ne6 Nf6 34. Nc7
Bc6+ 35. Ke2 Ng4 36. Bf4 Ne5 37. Bh6 Kg8 38. Ne6 Nf7 39. Bf4 Bd7 40. Nc7 Kxg7
41. Nxa6 Kf6 42. Nc7 Bc6 43. a4 bxa4 44. b5 Bb7 45. Bc1 Ke7 46. Kd3 Kd7 47. b6
Kc6 48. Ne6 Kxb6 49. Nf8 Ne5+ 50. Kc3 h5 51. f4 Nf3 52. Nxg6 Kb5 53. Ba3 d5 54.
Be7 d4+ 55. Kb2 Kc4 56. Bf6 a3+ 57. Kxa3 d3 58. Kb2 d2 59. Kc2 Be4+ 60. Kd1 Kd3
61. Ne7 Nd4 62. Bxd4 Bf3# 0-1

[Event "World Youth Boys U16 2014"]
[Site "Durban RSA"]
[Date "2014.09.23"]
[Round "5.13"]
[White "Tica, Sven"]
[Black "Van Foreest, Jorden"]
[Result "1/2-1/2"]
[BlackTitle "FM"]
[WhiteElo "2246"]
[BlackElo "2457"]
[WhiteFideId "14526948"]
[BlackFideId "1039784"]
[EventDate "2014.09.20"]

1. d4 Nf6 2. c4 g6 3. Nc3 Bg7 4. Nf3 O-O 5. e4 d6 6. Be2 e5 7. O-O Nc6 8. dxe5
dxe5 9. Bg5 Nd4 10. Nxe5 Ne6 11. Bh4 Qxd1 12. Raxd1 Nxe4 13. Nxe4 Bxe5 14. Be7
Nd4 15. Rfe1 Re8 16. Nf6+ Bxf6 17. Bxf6 Rxe2 18. Bxd4 Rxe1+ 19. Rxe1 Be6 20. Rc1
a5 21. Bf6 h6 22. Rd1 Bxc4 23. b3 Be6 24. Rd8+ Rxd8 25. Bxd8 a4 26. bxa4 c6 27.
a3 Kf8 28. f3 Ke8 29. Bf6 Kd7 30. Kf2 Kd6 31. Ke3 Kd5 32. Kd3 h5 33. Be7 Bf5+
34. Kc3 Bb1 35. g4 hxg4 36. fxg4 f5 37. gxf5 gxf5 38. h4 Ke4 39. h5 f4 40. Kb2
f3 41. Bc5 Kd5 42. Bf2 Bh7 43. Kc3 c5 44. a5 c4 45. h6 Bg8 46. Kb4 Ke4 47. h7
Bxh7 48. Kxc4 Kf4 1/2-1/2

[Event "World Youth Boys U16 2014"]
[Site "Durban RSA"]
[Date "2014.09.23"]
[Round "5.14"]
[White "Vorontsov, Pavlo"]
[Black "Kollars, Dmitrij"]
[Result "1-0"]
[WhiteTitle "FM"]
[WhiteElo "2397"]
[BlackElo "2243"]
[WhiteFideId "14116367"]
[BlackFideId "12909572"]
[EventDate "2014.09.20"]

1. e4 c5 2. Nf3 Nf6 3. e5 Nd5 4. Nc3 e6 5. Nxd5 exd5 6. d4 Nc6 7. c3 d6 8. Bd3
dxe5 9. Nxe5 cxd4 10. Nxc6 bxc6 11. O-O Be7 12. cxd4 Qd6 13. Qc2 Bd7 14. g3 Be6
15. Bf4 Qd7 16. Rac1 h5 17. Qxc6 Qxc6 18. Rxc6 O-O 19. Rfc1 Bf6 20. Be5 Bxe5 21.
dxe5 Rfe8 22. f4 g6 23. b4 d4 24. a3 Red8 25. Kf2 Rab8 26. R1c5 Rb6 27. Rc7 a6
28. R7c6 Rxc6 29. Rxc6 a5 30. b5 a4 31. b6 Rb8 32. Ba6 1-0

[Event "World Youth Boys U16 2014"]
[Site "Durban RSA"]
[Date "2014.09.23"]
[Round "5.15"]
[White "Christiansen, Johan-Sebastian"]
[Black "Gajek, Radoslaw"]
[Result "1-0"]
[BlackTitle "FM"]
[WhiteElo "2233"]
[BlackElo "2393"]
[WhiteFideId "1512668"]
[BlackFideId "1125893"]
[EventDate "2014.09.20"]

1. Nf3 c5 2. c4 Nc6 3. g3 g6 4. Bg2 Bg7 5. Nc3 e6 6. d4 Nxd4 7. Nxd4 cxd4 8. Ne4
Ne7 9. Nd6+ Kf8 10. Qb3 Nf5 11. Nxb7 Qb6 12. c5 Qxb3 13. axb3 a6 14. Nd6 Rb8 15.
Nxc8 Rxc8 16. b4 Rb8 17. Bd2 Bh6 18. e3 dxe3 19. Bc3 Bg7 20. Rxa6 exf2+ 21. Kxf2
Bd4+ 22. Ke2 e5 23. Rd1 Kg7 24. g4 Nh4 25. Rxd4 exd4 26. Bxd4+ Kh6 27. Bxh8 Nxg2
28. Bc3 Nf4+ 29. Kf3 Nd5 30. Bd2+ Kg7 31. Rd6 Nxb4 32. Bc3+ Kf8 33. Rxd7 Ke8 34.
Rd6 f5 35. gxf5 gxf5 36. Rb6 1-0

[Event "World Youth Boys U16 2014"]
[Site "Durban RSA"]
[Date "2014.09.23"]
[Round "5.16"]
[White "Lenaerts, Lennert"]
[Black "Taylor, Adam C"]
[Result "1/2-1/2"]
[WhiteElo "2329"]
[BlackElo "2023"]
[WhiteFideId "211435"]
[BlackFideId "424668"]
[EventDate "2014.09.20"]

1. d4 Nf6 2. c4 c5 3. d5 b5 4. cxb5 a6 5. bxa6 Bxa6 6. Nc3 g6 7. e4 Bxf1 8. Kxf1
d6 9. Nf3 Bg7 10. g3 O-O 11. Kg2 Nbd7 12. a4 Ra6 13. Qc2 Qa8 14. Ra3 e6 15. dxe6
fxe6 16. Re1 d5 17. exd5 exd5 18. Nb5 Qc6 19. Ng5 Ng4 20. Re6 Qb7 21. Bf4 Be5
22. Rxa6 Qxa6 23. Qe2 Bxf4 24. Qxg4 Bxg5 25. Qxd7 Rd8 26. Qg4 Bf6 27. Nc7 Qc6
28. Qe6+ Qxe6 29. Nxe6 Re8 30. Nf4 c4 31. Nxd5 Bxb2 32. Ra2 c3 33. Nb4 Rb8 34.
Nc2 Kf7 35. Kf3 Ke6 36. Ke4 Kd6 37. a5 Kc5 38. a6 Kc4 39. Ne3+ Kb3 40. Ra5 c2
41. Nxc2 Kxc2 42. a7 Re8+ 43. Kf4 Ra8 44. Ke4 Re8+ 45. Kf4 Ra8 46. Rc5+ Kd3 47.
Rc7 h6 48. Rh7 Ke2 49. Kg4 Kxf2 50. Rxh6 Rxa7 51. Rxg6 Kg2 52. h4 Be5 53. h5
Bxg3 54. h6 Ra4+ 55. Kg5 Ra5+ 56. Kf6 Kf3 57. Rxg3+ Kxg3 58. Kg7 Rg5+ 59. Kf7 1/2-1/2

[Event "World Youth Boys U16 2014"]
[Site "Durban RSA"]
[Date "2014.09.23"]
[Round "5.17"]
[White "Xu, Xiangyu"]
[Black "Nastase, Robert-Paul"]
[Result "1/2-1/2"]
[WhiteElo "2133"]
[BlackElo "2255"]
[WhiteFideId "8608288"]
[BlackFideId "1221175"]
[EventDate "2014.09.20"]

1. e4 e6 2. Qe2 c5 3. g3 Nc6 4. Bg2 d6 5. f4 g6 6. Nf3 Bg7 7. c3 Nge7 8. O-O O-O
9. Rd1 e5 10. d3 b6 11. h3 Bb7 12. c4 f5 13. Nc3 Qd7 14. Be3 Rae8 15. Qd2 Nd4
16. Nh2 Ne6 17. Rf1 Rf7 18. Rf2 Ref8 19. Raf1 1/2-1/2

[Event "World Youth Boys U16 2014"]
[Site "Durban RSA"]
[Date "2014.09.23"]
[Round "5.18"]
[White "Song, Edward"]
[Black "Nassr, Ahmed"]
[Result "1-0"]
[WhiteElo "2323"]
[BlackElo "1965"]
[WhiteFideId "2051192"]
[BlackFideId "7904860"]
[EventDate "2014.09.20"]

1. e4 e6 2. d4 d5 3. Nc3 Nf6 4. Bg5 Be7 5. e5 Nfd7 6. h4 a6 7. Qg4 g6 8. Bxe7
Qxe7 9. h5 g5 10. f4 gxf4 11. Qxf4 c5 12. dxc5 Nc6 13. Nf3 Qxc5 14. O-O-O Qe7
15. g4 b6 16. Bd3 Bb7 17. g5 O-O-O 18. h6 Nc5 19. Ne2 Nxd3+ 20. Rxd3 Kb8 21. Kb1
Rc8 22. Ned4 Rhg8 23. Nxc6+ Bxc6 24. Qd4 Qc5 25. Rc3 Qxd4 26. Nxd4 Kb7 27. Rg1
Be8 28. Rxc8 Kxc8 29. Kc1 Kd7 30. Kd2 Ke7 31. Ne2 Bb5 32. Nf4 a5 33. Nh5 Bc6 34.
Nf6 Rh8 35. Rg3 Kd8 36. Rc3 Kc7 37. Rf3 Kd8 38. Kd3 Kc7 39. Kd4 Kd8 40. a3 Kc8
41. Rc3 Kb7 42. Ke3 Bb5 43. Kf4 Bc6 44. Rf3 Bb5 45. g6 fxg6 46. Kg5 Be2 47. Rf2
Bd1 48. Nxh7 Bh5 49. Nf6 Rf8 50. h7 Rh8 51. Kh6 Bg4 52. Kg7 Rxh7+ 53. Kxh7 Bf5
54. Kh6 Kc6 55. Ng8 Kd7 56. Kg5 Ke8 57. c3 Kf7 58. Nh6+ 1-0

[Event "World Youth Boys U16 2014"]
[Site "Durban RSA"]
[Date "2014.09.23"]
[Round "5.19"]
[White "Whatley, Stephen A J"]
[Black "Rakotomaharo, Fy Antenaina"]
[Result "0-1"]
[BlackTitle "CM"]
[WhiteElo "1881"]
[BlackElo "2286"]
[WhiteFideId "420441"]
[BlackFideId "13100050"]
[EventDate "2014.09.20"]

1. e4 c5 2. Nf3 d6 3. d4 cxd4 4. Nxd4 Nf6 5. Nc3 a6 6. f3 e5 7. Nb3 Be6 8. Bg5
Be7 9. Qd2 Nbd7 10. O-O-O b5 11. g4 b4 12. Na4 O-O 13. Be3 d5 14. g5 d4 15. Bxd4
Nxe4 16. fxe4 exd4 17. h4 Nb6 18. Nxb6 Qxb6 19. Qxd4 Qc6 20. Bd3 Rfd8 21. Qe3 a5
22. Nd4 Qb6 23. Nf5 Bc5 24. Qg3 a4 25. Qe5 Bxf5 26. Qxf5 g6 27. Qf3 Qe6 28. Kb1
a3 29. b3 Qe5 30. Qf6 Qxf6 31. gxf6 Bd4 32. Rde1 Ra5 33. h5 Bxf6 34. hxg6 fxg6
35. Bc4+ Kg7 36. Rd1 Rxd1+ 37. Rxd1 Rh5 38. Re1 Rh2 39. Bd5 Rf2 40. Bc4 Bc3 41.
Rc1 Kf6 42. Rf1 Rxf1+ 43. Bxf1 Ke5 44. Kc1 g5 45. Kd1 Kf4 46. Ke2 Kg3 47. Ke3 h5
48. Bb5 h4 49. e5 Bxe5 50. Bc6 Bf4+ 51. Kd3 g4 52. c3 bxc3 53. Kxc3 Kf2 54. b4
g3 55. Kb3 h3 56. Kxa3 g2 0-1

[Event "World Youth Boys U16 2014"]
[Site "Durban RSA"]
[Date "2014.09.23"]
[Round "5.21"]
[White "Ait Abbas, Yacine"]
[Black "Petr, Jan2"]
[Result "0-1"]
[WhiteElo "1853"]
[BlackElo "2140"]
[WhiteFideId "7904150"]
[BlackFideId "345784"]
[EventDate "2014.09.20"]

1. c4 e5 2. g3 Nc6 3. Nc3 f5 4. Nf3 g6 5. d4 e4 6. Bg5 Be7 7. Bxe7 Ngxe7 8. d5
exf3 9. dxc6 fxe2 10. Qxe2 Kf7 11. cxd7 Bxd7 12. O-O-O Qe8 13. Qe5 Bc6 14. Rg1
Rd8 15. Be2 Nc8 16. Qxc7+ Qe7 17. Qf4 Nd6 18. c5 Ne4 19. Bc4+ Kg7 20. Nxe4 fxe4
21. Rd6 Rc8 22. b4 a5 23. Re6 Qc7 24. Qg5 Rhe8 25. Qf6+ Kh6 26. Qh4+ Kg7 27.
Qf6+ Kh6 28. Rd1 axb4 29. Qh4+ Kg7 30. Qf6+ Kh6 31. Rdd6 b5 32. Qh4+ Kg7 33.
Qf6+ Kh6 34. Qh4+ Kg7 35. Rxg6+ hxg6 36. Qf6+ Kh7 37. Qh4+ Kg7 38. Qf6+ Kh7 39.
Qxg6+ Kh8 40. Qh6+ Qh7 41. Qf6+ Qg7 42. Qh4+ Qh7 43. Rh6 Re7 44. Rxh7+ Rxh7 45.
Qf6+ Rg7 46. Qh6+ Rh7 47. Qf6+ Rg7 48. Bb3 0-1

[Event "World Youth Boys U16 2014"]
[Site "Durban RSA"]
[Date "2014.09.23"]
[Round "5.22"]
[White "Naotunna, Dineth Nimnaka"]
[Black "Zayan, Mohamed"]
[Result "1/2-1/2"]
[BlackTitle "FM"]
[WhiteElo "1837"]
[BlackElo "2125"]
[WhiteFideId "9919228"]
[BlackFideId "10609989"]
[EventDate "2014.09.20"]

1. d4 Nf6 2. Bf4 g6 3. e3 Bg7 4. Nf3 O-O 5. h3 d6 6. c4 c5 7. Nc3 Qb6 8. Rb1
cxd4 9. exd4 e5 10. Be3 e4 11. Nd2 Re8 12. Be2 Qd8 13. O-O Nc6 14. b4 a6 15. a4
d5 16. b5 axb5 17. axb5 Ne7 18. c5 Nf5 19. Nb3 Nxe3 20. fxe3 Bh6 21. Qd2 Kg7 22.
b6 Rf8 23. Nd1 Ne8 24. Na5 Qh4 25. Kh2 f5 26. g3 Qd8 27. c6 Nd6 28. Rg1 Kh8 29.
Qb4 g5 30. Qc5 bxc6 31. b7 Rxa5 32. Qxa5 Qxa5 33. b8=Q Nc4 34. Bxc4 dxc4 35. Qd6
Bg7 36. Qxc6 f4 37. gxf4 gxf4 38. Qb6 Qh5 39. Rxg7 Qxh3+ 40. Kg1 Kxg7 41. Qc7+
Kg8 42. Rb2 f3 43. Rh2 Qg4+ 44. Kf1 Qg7 45. Qxc4+ Kh8 46. d5 Bh3+ 47. Rxh3 Qg2+
48. Ke1 f2+ 49. Nxf2 Qxf2+ 50. Kd1 Qg1+ 51. Kc2 Qg2+ 52. Kc3 Qxh3 53. Qxe4 Qc8+
54. Kd4 Qf5 55. Qxf5 Rxf5 56. e4 Rf8 57. e5 Kg7 58. d6 Kf7 59. Kd5 Re8 60. d7
Ra8 61. Kd6 Ra6+ 62. Kc7 Ra8 63. Kd6 1/2-1/2

[Event "World Youth Boys U16 2014"]
[Site "Durban RSA"]
[Date "2014.09.23"]
[Round "5.23"]
[White "Valkama, Eero"]
[Black "Subramaniam, Shreyes"]
[Result "1-0"]
[WhiteElo "2073"]
[BlackElo "1813"]
[WhiteFideId "507555"]
[BlackFideId "5707153"]
[EventDate "2014.09.20"]

1. e4 c5 2. Nf3 d6 3. Bb5+ Bd7 4. Bxd7+ Nxd7 5. O-O Ngf6 6. Qe2 e6 7. c4 Be7 8.
Nc3 a6 9. b3 O-O 10. d4 cxd4 11. Nxd4 Re8 12. Bb2 Qc7 13. Rac1 Rac8 14. f4 Qb8
15. Kh1 Bf8 16. Qf3 e5 17. fxe5 Nxe5 18. Qg3 Ng6 19. Rxf6 gxf6 20. Nd5 Bg7 21.
Nf5 Re6 22. Nxg7 Kxg7 23. Nxf6 Rxf6 24. Qg5 Rc5 25. Qxf6+ Kf8 26. Ba3 Rc6 27. e5
Qe8 28. exd6 Qd7 29. Re1 1-0

[Event "World Youth Boys U16 2014"]
[Site "Durban RSA"]
[Date "2014.09.23"]
[Round "5.24"]
[White "Tuomainen, Felix"]
[Black "Satre, Mathias"]
[Result "0-1"]
[WhiteElo "2042"]
[BlackElo "1795"]
[WhiteFideId "1720813"]
[BlackFideId "1513648"]
[EventDate "2014.09.20"]

1. d4 Nf6 2. c4 e5 3. dxe5 Ng4 4. e3 Nxe5 5. Nf3 Nbc6 6. Be2 g6 7. Nxe5 Nxe5 8.
f4 Nc6 9. O-O Bg7 10. Nc3 O-O 11. Qc2 d6 12. Nd5 Re8 13. Bd2 Nd4 14. exd4 Rxe2
15. Ne3 Bxd4 16. Qd3 Bxe3+ 17. Bxe3 Rxb2 18. Bd4 Bf5 19. Qd1 Rb4 20. Rc1 b5 21.
cxb5 Rxb5 22. Ba1 c5 23. Qe1 f6 24. Qc3 Kg7 25. Qf3 d5 26. Rfe1 Be4 27. Qh3 Rab8
28. Qc3 d4 29. Qa3 Ra5 30. Qh3 Bd5 31. f5 Rxa2 32. fxg6 Rxg2+ 33. Kf1 hxg6 34.
Rxc5 Rg5 35. Qa3 Rf5+ 36. Kg1 Rg5+ 37. Kf1 Rb7 38. Qa4 Rf5+ 39. Kg1 Rg5+ 40. Kf1
Qd6 41. Qxd4 Qa6+ 42. Kf2 Rg2+ 43. Ke3 Re7+ 44. Kf4 Qd6+ 0-1

[Event "World Youth Boys U16 2014"]
[Site "Durban RSA"]
[Date "2014.09.23"]
[Round "5.25"]
[White "Maguire, Tom"]
[Black "Sinyanskiy, Maxim"]
[Result "0-1"]
[WhiteElo "1810"]
[BlackElo "2038"]
[WhiteFideId "3221385"]
[BlackFideId "4178068"]
[EventDate "2014.09.20"]

1. d4 Nf6 2. Nf3 c5 3. d5 e6 4. c4 exd5 5. cxd5 d6 6. Nc3 g6 7. Bf4 a6 8. e4 b5
9. Qe2 Nh5 10. Bg5 Be7 11. Bh6 b4 12. Nd1 Bg4 13. Ne3 Bxf3 14. Qxf3 Bf8 15. Bxf8
Kxf8 16. Nc4 Kg7 17. Bd3 Nd7 18. O-O Qe7 19. Qe2 Nf4 20. Qf3 Nh5 21. g3 Ne5 22.
Qe2 Nxc4 23. Bxc4 Rhe8 24. Rae1 Nf6 25. f3 Qa7 26. Qd3 Nd7 27. f4 f6 28. h4 Re7
29. g4 Nb6 30. g5 fxg5 31. hxg5 Qd7 32. Re2 Nxc4 33. Qxc4 Qg4+ 34. Rg2 Qh3 35.
e5 dxe5 36. Qxc5 Rae8 37. d6 Rf7 38. fxe5 Rxf1+ 39. Kxf1 Qf5+ 40. Rf2 Qxe5 41.
Qxb4 Qd5 42. Qf4 Qh1# 0-1

[Event "World Youth Boys U16 2014"]
[Site "Durban RSA"]
[Date "2014.09.23"]
[Round "5.27"]
[White "Kolver, Chris"]
[Black "Goncalves, Ruan Lucas Alves"]
[Result "1/2-1/2"]
[WhiteElo "1751"]
[BlackElo "1960"]
[WhiteFideId "14307820"]
[BlackFideId "2148030"]
[EventDate "2014.09.20"]

1. d4 Nf6 2. c4 g6 3. Nc3 Bg7 4. e4 d6 5. Bd3 O-O 6. Nge2 c5 7. d5 e6 8. h3 exd5
9. cxd5 a6 10. a4 Re8 11. O-O Nbd7 12. Kh1 Qc7 13. Be3 c4 14. Bc2 Nc5 15. f3 Bd7
16. a5 b5 17. axb6 Qxb6 18. Na4 Bxa4 19. Bxa4 Re7 20. Bd4 Qc7 21. Bc6 Rd8 22.
Bxc5 dxc5 23. Qc2 Rb8 24. Rxa6 Nh5 25. f4 Rxb2 26. Ra8+ Rb8 27. Rxb8+ Qxb8 28.
e5 Bxe5 29. fxe5 Qxe5 30. g4 Qe3 31. gxh5 Qxh3+ 32. Kg1 Qg4+ 33. Kf2 Qh4+ 34.
Kg1 Qg4+ 35. Kf2 1/2-1/2

[Event "World Youth Boys U16 2014"]
[Site "Durban RSA"]
[Date "2014.09.23"]
[Round "5.28"]
[White "Roos, Lucas"]
[Black "Isaev, Chingys"]
[Result "1/2-1/2"]
[WhiteElo "1684"]
[BlackElo "1957"]
[WhiteFideId "14308673"]
[BlackFideId "13801660"]
[EventDate "2014.09.20"]

1. e4 d5 2. exd5 Qxd5 3. Nc3 Qd6 4. Bc4 Nf6 5. d4 a6 6. Nge2 Bf5 7. f3 e6 8. Bg5
Be7 9. Qd2 Nc6 10. O-O O-O-O 11. Rfd1 h6 12. Be3 g5 13. Ng3 Bg6 14. Nce4 Nxe4
15. Nxe4 Bxe4 16. fxe4 f5 17. e5 Qd7 18. Qe2 Nb4 19. Bf2 Qc6 20. Bb3 Nd5 21. c4
Nf4 22. Qf1 Qe4 23. Re1 Qd3 24. Rad1 Qxf1+ 25. Kxf1 b5 26. d5 bxc4 27. Bxc4 Nxd5
28. Bxa6+ Kd7 29. Bb7 c6 30. Rc1 Nb4 31. Bb6 Rb8 32. Bxc6+ Nxc6 33. Red1+ Ke8
34. Rxc6 Kf7 35. Rd7 Rhc8 36. Rxc8 Rxc8 37. Rc7 Rxc7 38. Bxc7 Ke8 39. Ba5 Kd7
40. a4 Kc6 41. Bc3 Kc5 42. b3 h5 43. Ke2 h4 44. h3 g4 45. Kd3 Kd5 46. a5 Kc5 47.
Bd2 Kb5 48. b4 Bf8 49. hxg4 fxg4 50. Ke4 Bg7 51. Be3 Bf8 52. Bd2 Bg7 53. Bc3 Bh6
54. Be1 1/2-1/2

[Event "World Youth Boys U16 2014"]
[Site "Durban RSA"]
[Date "2014.09.23"]
[Round "5.30"]
[White "Adriaanse, Adam"]
[Black "Conradie, Andre"]
[Result "1-0"]
[WhiteElo "1922"]
[BlackElo "1748"]
[WhiteFideId "2617838"]
[BlackFideId "14304570"]
[EventDate "2014.09.20"]

1. e4 c6 2. d4 d5 3. Nc3 dxe4 4. Nxe4 Nd7 5. Bc4 Ngf6 6. Ng5 e6 7. Qe2 Nb6 8.
Bd3 h6 9. N5f3 c5 10. dxc5 Bxc5 11. Ne5 O-O 12. Ngf3 Nbd5 13. O-O a6 14. a3 b5
15. b4 Bb6 16. c4 bxc4 17. Bxc4 Bb7 18. Bb2 Nf4 19. Qd1 Qxd1 20. Rfxd1 Rfd8 21.
Bf1 Rac8 22. Rxd8+ Rxd8 23. g3 Bxf3 24. Nxf3 Nd3 25. Bxf6 gxf6 26. Rd1 Nb2 27.
Rxd8+ Bxd8 28. Bxa6 Bb6 29. Ne1 Nd1 30. Nd3 e5 31. Nc5 f5 32. a4 Nc3 33. a5 Bc7
34. Nb3 Kf8 35. b5 Na4 36. b6 Bxb6 37. Bb5 Bxa5 38. Bxa4 Bb6 39. Bd7 e4 40. Bxf5
e3 41. fxe3 Bxe3+ 42. Kg2 Ke7 43. Kf3 Bb6 44. Kg4 Kf6 45. Bd3 Bg1 46. h4 Bf2 47.
h5 Be3 48. Kf3 Bb6 49. g4 Kg5 50. Bf5 Kf6 51. Ke4 Kg5 52. Kd5 Kf6 53. Kd6 Be3
54. Kd7 Kg7 55. Ke8 Bf2 56. Na5 Bb6 57. Nc6 Bc7 58. Nd8 Bxd8 59. Kxd8 Kf8 60.
Kd7 Kg8 61. Ke8 Kh8 62. Bc2 Kg7 63. Bb3 f6 64. Ke7 Kh7 65. Kxf6 Kh8 66. Ba4 Kh7
67. Kf7 Kh8 68. Kg6 1-0

[Event "World Youth Boys U16 2014"]
[Site "Durban RSA"]
[Date "2014.09.23"]
[Round "5.32"]
[White "Mayed, Al-Rashedi"]
[Black "Tshabalala, Ernest"]
[Result "1-0"]
[WhiteTitle "FM"]
[WhiteElo "1859"]
[BlackElo "1827"]
[WhiteFideId "9303871"]
[BlackFideId "14318466"]
[EventDate "2014.09.20"]

1. e4 c5 2. Nf3 Nc6 3. d4 cxd4 4. Nxd4 Nf6 5. Nc3 d6 6. Bg5 e6 7. Qd2 Be7 8. f3
a6 9. O-O-O h6 10. Be3 Qc7 11. g4 b5 12. Nxc6 Qxc6 13. h4 Bb7 14. Kb1 d5 15. e5
Nd7 16. Bd4 Nb6 17. f4 b4 18. Qf2 Nc4 19. Ne2 Rc8 20. Nc1 O-O 21. g5 h5 22. g6
fxg6 23. Bd3 Bc5 24. Bxc5 Qxc5 25. Qg3 Ne3 26. Nb3 Qb6 27. Qxg6 Nf5 28. Nd4 1-0

[Event "World Youth Boys U16 2014"]
[Site "Durban RSA"]
[Date "2014.09.23"]
[Round "5.34"]
[White "Sidabras, Ignas"]
[Black "Ndlovu, Bhekile"]
[Result "0-1"]
[WhiteElo "1842"]
[BlackElo "1567"]
[WhiteFideId "12806030"]
[BlackFideId "11001518"]
[EventDate "2014.09.20"]

1. d4 Nf6 2. Bg5 c6 3. Bxf6 exf6 4. e3 d5 5. Ne2 Bf5 6. Ng3 Bg6 7. Be2 Qb6 8.
Qc1 h5 9. Bd3 Bb4+ 10. Nc3 h4 11. Ne2 Nd7 12. Nf4 Bxd3 13. Nxd3 Bd6 14. Rb1 Qc7
15. h3 b5 16. b4 a5 17. a3 f5 18. f4 Nb6 19. Nc5 Nc4 20. Kf2 Bxc5 21. bxc5 O-O
22. a4 b4 23. Nd1 Rab8 24. Rb3 Rfe8 25. Re1 Re4 26. Kg1 Re6 27. Nf2 Rbe8 28. Re2
g5 29. fxg5 f4 30. Ng4 fxe3 31. Nf6+ Rxf6 32. gxf6 Qg3 33. Qe1 Qg5 34. Rd3 Re6
35. Kh1 Rxf6 36. Rdxe3 Nxe3 37. Rxe3 Kh7 38. Re5 Qg3 39. Kg1 Qxe1+ 40. Rxe1 Rf4
41. Rd1 Kg6 42. Rd2 Kf5 43. Rd1 Ke4 44. Rd2 Ke3 45. Rd3+ Ke2 46. Kh2 Rf2 47. Kg1
Rf1+ 48. Kh2 Rc1 49. Rf3 Rxc2 50. Rxf7 b3 51. Rf4 b2 52. Rxh4 b1=Q 0-1